| 000 | 01021nam a2200277 i 4500 | ||
|---|---|---|---|
| 003 | IT-RoINE | ||
| 005 | 20220627104207.0 | ||
| 008 | 021211s1995 sp |r 001|0 spa d | ||
| 020 | _a8479141948 | ||
| 040 |
_a280790025 M-BN _dSPA spa _dIT-RoINE _cesslup IT-RoINE |
||
| 100 | 1 |
_aCárcel Ortí, Vicente, _d1940- _94655 |
|
| 245 | 1 | 0 |
_aMártires españoles del siglo XX / _cpor Vicente Cárcel Ortí. |
| 246 | 3 | 3 | _aMártires españoles del siglo veinte |
| 260 |
_aMadrid : _bBiblioteca de Autores Cristianos, _c1995. |
||
| 300 |
_aXV, 659 p. ; _c20 cm. |
||
| 336 |
_2rdacontent _atext |
||
| 337 |
_2rdamedia _aunmediated |
||
| 338 |
_2rdacarrier _avolume |
||
| 490 | 1 | 0 |
_aBiblioteca de Autores Cristianos ; _v555 |
| 500 | _aIncluye índices. | ||
| 504 | _a"Bibliografía comentada": p. [611]-634. | ||
| 650 | 0 | 4 |
_aMártires cristianos _zEspaña _92061 _y1936-1939 (Guerra civil) |
| 651 | 4 |
_aEspaña _xHistoria _y1936-1939 (Guerra civil) _97494 |
|
| 830 | 0 |
_9843 _aBiblioteca de Autores Cristianos ; _v555 |
|
| 942 | _cMTS | ||
| 999 |
_c7194 _d7194 |
||